Guess The American Brands! #38 - Statistics

General Stats
  • This quiz has been taken 16 times
  • The average score is 9 of 24
Answer Stats
Picture Answer % Correct
Shutterfly
82%
Puffs
73%
A Bug's Life
64%
Hornets
64%
Iowa State
55%
Micheals
55%
Trader Joes
55%
Sierra Mist
45%
Sunkist
45%
Gold's Gym
36%
Gymboree
36%
Paper Mate
36%
Sharpie
36%
Washington Post
36%
Zoom
36%
Hawks
27%
Allrecipes
18%
Babylon
18%
Baylor
18%
Dailymotion
18%
ECKO
18%
Frito Lay
18%
Loyola Chicago
18%
Ross
18%
No matching quizzes found
Score Distribution
Percent of People with Each Score
Percentile by Number Answered
Your Score History
You have not taken this quiz